Statistiques concernant Petit Bac #47 - Communes de Guyane

Cliquez ici pour prendre le quiz!

Statistiques générales

  • Ce quiz a été pris 132 fois
  • Le résultat moyen est 6 sur 10

Statistiques - réponses

1ère LettreCommune% Correct
CCayenne / Camopi
98%
KKourou
86%
SSaint-Laurent-du-Maroni / Saint-Georges / Sinnamary / Saül / Saint-Élie
84%
MMatoury / Macouria / Maripasoula / Mana / Montsinéry-Tonnegrande
74%
RRemire-Montjoly / Roura / Régina
63%
AApatou / Awala-Yalimapo
43%
IIracoubo
43%
PPapaichton
34%
GGrand-Santi
31%
OOuanary
20%

Distribution des résultats

Percentile par nombre de réponses

% des personnes avec chaque résultat

Votre développement - résultats

Vous n’avez pas pris ce quiz